| 000 -LEADER |
| fixed length control field |
00803nam a22001937a 4500 |
| 001 - CONTROL NUMBER |
| control field |
21399 |
| 003 - CONTROL NUMBER IDENTIFIER |
| control field |
BD-DhUAP |
| 005 - DATE AND TIME OF LATEST TRANSACTION |
| control field |
20220115155347.0 |
| 008 - FIXED-LENGTH DATA ELEMENTS--GENERAL INFORMATION |
| fixed length control field |
220115b2019 bg ||||| |||| 000 0 ban d |
| 040 ## - CATALOGING SOURCE |
| Original cataloging agency |
BD-DhUAP |
| Language of cataloging |
ben |
| Transcribing agency |
BD-DhUAP |
| Modifying agency |
BD-DhUAP |
| Description conventions |
BD-DhUAP |
| 082 ## - DEWEY DECIMAL CLASSIFICATION NUMBER |
| Edition number |
23 |
| Classification number |
954.5492 AUG |
| 245 ## - TITLE STATEMENT |
| Title |
১৫ আগষ্ট ১৯৭৫ / |
| 260 ## - PUBLICATION, DISTRIBUTION, ETC. |
| Place of publication, distribution, etc. |
ঢাকা : |
| Name of publisher, distributor, etc. |
জাতির জনক বঙ্গবন্ধু শেখ মুজিবুর রহমান মেমোরিয়াল ট্রাস্ট ; |
| Date of publication, distribution, etc. |
২০১৯ । |
| 300 ## - PHYSICAL DESCRIPTION |
| Extent |
৫০ পৃষ্ঠা : |
| Dimensions |
২২ সে.মি. । |
| 650 ## - SUBJECT ADDED ENTRY--TOPICAL TERM |
| Topical term or geographic name entry element |
Bangladesh. |
| Geographic subdivision |
History 1920-1975. |
| 700 ## - ADDED ENTRY--PERSONAL NAME |
| Personal name |
হাসিনা, শেখ । |
| 700 ## - ADDED ENTRY--PERSONAL NAME |
| Personal name |
মওদুদ, বেবী । |
| Relator term |
সম্পাদনায় |
| 942 ## - ADDED ENTRY ELEMENTS (KOHA) |
| Source of classification or shelving scheme |
|
| Koha item type |
Book |